Joueurs espagnols ayant joué au Paris Saint-Germain - Statistiques

Statistiques générales
  • Ce quiz a été pris 43 fois
  • Le résultat moyen est 9 sur 15
Statistiques - réponses
Année d'arrivée Année de départ Club précédant Club suivant Nombre de match Joueurs % Correct
2022 En cours SSC Napoli En cours 166 Fabián Ruiz
95%
2026 En cours FC Barcelone En cours 13 Dro Fernández
84%
2021 2023 Real Madrid Séville FC 58 Sergio Ramos
84%
2022 2025 FC Valence Real Sociedad 63 Carlos Soler
79%
2019 2023 Manchester United Athletic Bilbao 95 Ander Herrera
76%
2023 2025 Real Madrid Fenerbahce 47 Marco Asensio
74%
2016 2021 Real Madrid UD Las Palmas 18 Jesé
71%
2018 2025 Bayern Munich Villarreal CF 128 Juan Bernat
68%
2019 2023 Séville FC Wolverhampton Wanderers 98 Pablo Sarabia
68%
2017 2018 Real Sociedad Athletic Bilbao 32 Yuri Berchiche
66%
2023 2025 FC Barcelone Atlètic Villarreal CF 8 Arnau Tenas
55%
2019 2024 Séville FC Al Gharafa SC 24 Sergio Rico
53%
2001 2002 FC Barcelone FC Barcelone 53 Mikel Arteta
37%
2001 2003 Espanyol Barcelone Fin de carrière 83 Cristóbal Parralo
0%
2001 2001 Espanyol Barcelone Espanyol Barcelone 5 Enrique de Lucas
0%
Aucun quiz correspondant
Distribution des résultats
% des personnes avec chaque résultat
Percentile par nombre de réponses
Votre historique - résultats
Vous n’avez pas pris ce quiz